<?xml version="1.0" encoding="UTF-8"?>
<record
    xmlns:xsi="http://www.w3.org/2001/XMLSchema-instance"
    xsi:schemaLocation="http://www.loc.gov/MARC21/slim http://www.loc.gov/standards/marcxml/schema/MARC21slim.xsd"
    xmlns="http://www.loc.gov/MARC21/slim">

  <leader>00507nam a22001577a 4500</leader>
  <datafield tag="999" ind1=" " ind2=" ">
    <subfield code="c">134068</subfield>
    <subfield code="d">134068</subfield>
  </datafield>
  <controlfield tag="005">20240510114225.0</controlfield>
  <controlfield tag="008">240510b           ||||| |||| 00| 0 eng d</controlfield>
  <datafield tag="020" ind1=" " ind2=" ">
    <subfield code="a">9695060331</subfield>
  </datafield>
  <datafield tag="040" ind1=" " ind2=" ">
    <subfield code="c">PK-LaUMT</subfield>
  </datafield>
  <datafield tag="082" ind1=" " ind2=" ">
    <subfield code="a">APC 297.40902</subfield>
    <subfield code="b">FAZ-A</subfield>
  </datafield>
  <datafield tag="100" ind1=" " ind2=" ">
    <subfield code="a">Fazal Shah Qutab Alam = &#x641;&#x636;&#x644; &#x634;&#x627;&#x6C1; &#x642;&#x637;&#x628; &#x639;&#x627;&#x644;&#x645;</subfield>
  </datafield>
  <datafield tag="245" ind1=" " ind2=" ">
    <subfield code="a">Akhs alkhawas =   &#x627;&#x62E;&#x635; &#x627;&#x644;&#x62E;&#x648;&#x627;&#x635; /</subfield>
    <subfield code="c">by Fazal Shah Qutab Alam = &#x641;&#x636;&#x644; &#x634;&#x627;&#x6C1; &#x642;&#x637;&#x628; &#x639;&#x627;&#x644;&#x645;</subfield>
  </datafield>
  <datafield tag="260" ind1=" " ind2=" ">
    <subfield code="a">Lahore :</subfield>
    <subfield code="b">Tasawwaf Foundation,</subfield>
    <subfield code="c">1999</subfield>
  </datafield>
  <datafield tag="300" ind1=" " ind2=" ">
    <subfield code="a">255 p.</subfield>
  </datafield>
  <datafield tag="942" ind1=" " ind2=" ">
    <subfield code="c">BK</subfield>
  </datafield>
  <datafield tag="952" ind1=" " ind2=" ">
    <subfield code="0">0</subfield>
    <subfield code="1">0</subfield>
    <subfield code="4">0</subfield>
    <subfield code="7">0</subfield>
    <subfield code="a">01</subfield>
    <subfield code="b">01</subfield>
    <subfield code="d">2024-05-10</subfield>
    <subfield code="l">0</subfield>
    <subfield code="o">APC 297.40902 FAZ-A</subfield>
    <subfield code="p">146763</subfield>
    <subfield code="r">2024-05-10 00:00:00</subfield>
    <subfield code="w">2024-05-10</subfield>
    <subfield code="y">BK</subfield>
  </datafield>
</record>
